Geography Quiz

Random Geography or World Quiz

World Fair Cities Quiz Stats

 Plays Quiz not verified by Sporcle

Challenge
Share
Tweet
Embed
Score 0/63 Timer 15:00
0 Plays Today
Country City % Correct
United KingdomLondon
98.9%
United KingdomLondon
98.9%
FranceParis
95.5%
FranceParis
95.5%
FranceParis
95.5%
FranceParis
95.5%
FranceParis
95.5%
FranceParis
95.5%
United StatesNew York
95.5%
United StatesNew York
95.5%
SpainBarcelona
93.3%
SpainBarcelona
93.3%
United StatesChicago
92.1%
United StatesChicago
92.1%
BelgiumBrussels
89.9%
BelgiumBrussels
89.9%
BelgiumBrussels
89.9%
BelgiumBrussels
89.9%
AustraliaSydney
87.6%
AustraliaMelbourne
85.4%
Austria-HungaryVienna
83.1%
United StatesSt. Louis
82%
IrelandDublin
82%
United StatesSan Francisco
82%
United StatesSan Francisco
82%
CanadaMontreal
80.9%
CanadaVancouver
77.5%
ItalyMilan
75.3%
ItalyMilan
75.3%
United StatesPhiladelphia
74.2%
United StatesSeattle
71.9%
United StatesSeattle
71.9%
Country City % Correct
JapanOsaka
71.9%
PortugalLisbon
71.9%
BelgiumAntwerp
70.8%
BelgiumAntwerp
70.8%
ChinaShanghai
69.7%
BrazilRio de Janeiro
68.5%
United StatesNew Orleans
57.3%
United StatesNew Orleans
57.3%
ItalyTurin
56.2%
SpainSeville
53.9%
SpainSeville
53.9%
United StatesSan Diego
49.4%
United StatesBuffalo
46.1%
AustraliaBrisbane
46.1%
United StatesSan Antonio
40.4%
United StatesKnoxville
40.4%
BelgiumLiege
36%
BelgiumLiege
36%
BelgiumLiege
36%
ItalyGenoa
33.7%
BelgiumGhent
30.3%
SpainZaragoza
27%
United StatesSpokane
25.8%
United StatesOmaha
21.3%
United StatesNorfolk
15.7%
GermanyHannover
13.5%
South KoreaDaejeon
11.2%
JapanNaha
9%
JapanAichi
9%
JapanTsukuba
6.7%
South KoreaYeosu
5.6%

You're not logged in!

Compare scores with friends on all Sporcle quizzes.
Join for Free
OR
Log In

You Might Also Like...

Show Comments

Extras

Top Quizzes Today


Score Distribution

Your Account Isn't Verified!

In order to create a playlist on Sporcle, you need to verify the email address you used during registration. Go to your Sporcle Settings to finish the process.

Report this User

Report this user for behavior that violates our Community Guidelines.

Details: